Fathwa Bary- i -Khwatteen / (Record no. 179768)

000 -LEADER
fixed length control field 00432 a2200169 4500
003 - CONTROL NUMBER IDENTIFIER
control field Nust
005 - DATE AND TIME OF LATEST TRANSACTION
control field 20230306130645.0
040 ## - CATALOGING SOURCE
Transcribing agency Nust
082 ## - DEWEY DECIMAL CLASSIFICATION NUMBER
Classification number 297.55,FAT
100 ## - MAIN ENTRY--PERSONAL NAME
Personal name Abul Aziz , Muhammad Bin
9 (RLIN) 109881
245 ## - TITLE STATEMENT
Title Fathwa Bary- i -Khwatteen /
Statement of responsibility, etc. Muhammad Bin Abdul Aziz,
260 ## - PUBLICATION, DISTRIBUTION, ETC.
Place of publication, distribution, etc. Lahore
Name of publisher, distributor, etc. Daruslam
300 ## - PHYSICAL DESCRIPTION
Extent 373: p
600 ## - SUBJECT ADDED ENTRY--PERSONAL NAME
Personal name Abul Aziz Bin Abdullah
9 (RLIN) 109882
650 ## - SUBJECT ADDED ENTRY--TOPICAL TERM
Topical term or geographic name entry element Islam
942 ## - ADDED ENTRY ELEMENTS (KOHA)
Source of classification or shelving scheme
Koha item type Book
Call number prefix 297.55,FAT
Holdings
Withdrawn status Lost status Source of classification or shelving scheme Damaged status Not for loan Permanent Location Current Location Shelving location Date acquired Full call number Barcode Date last seen Price effective from Koha item type Public note Collection code Total Checkouts Date last checked out
          Military College of Signals (MCS) Military College of Signals (MCS) General Stacks 12/12/2016 297.55,FAT MCS32984 12/08/2016 12/12/2016 Book Almirah No. 64, Shelf No. 2      
          Military College of Signals (MCS) Military College of Signals (MCS) General Stacks 12/12/2016 297.55,FAT MCS32985 12/08/2016 12/12/2016 Book Almirah No. 64, Shelf No. 2      
          Military College of Signals (MCS) Military College of Signals (MCS)   12/12/2016 297.55 FAT MCS33427 12/08/2016 12/12/2016 Book        
          Military College of Signals (MCS) Military College of Signals (MCS) General Stacks 12/12/2016 297.55,FAT MCS33428 01/10/2024 12/12/2016 Book Almirah No. 64, Shelf No. 2   1 01/02/2024
© 2023 Central Library, National University of Sciences and Technology. All Rights Reserved.